| 000 | 00387nam a22001217a 4500 | ||
|---|---|---|---|
| 082 | _a200 THE | ||
| 100 |
_aFatima Hussain _970226 |
||
| 245 | _aTH-SOF-1411-Diagnosis of Sciatica Based on Cross Sectional Study and Analysis | ||
| 260 |
_aIslamabad _bNUST College of EME _c2016 |
||
| 650 |
_aMS-CSE-13 MSTHESIS _969839 |
||
| 700 |
_aSupervisor Dr. Muhammad Usman Akram _969721 |
||
| 942 | _cCF | ||
| 999 |
_c577235 _d577235 |
||